000 00557nam a2200205Ia 4500
005 20250923145954.0
008 008 250917s9999 xx 000 0 eng d
037 _aTextual
040 _aDSWL
_beng
_cDSWL
041 _aeng
_2eng
084 _aX:9B, N95
_qDSWL
100 _aSahoo, U.C.
_9840878
245 0 _aChild Labour in Agranian Society
_c by U.C. Sahoo
260 _aRawat
_bRawat Publications
_c1995
300 _a187 p.
365 _aINR
_b250.00
925 _g250.00
942 _cTEXL
_hX:9B, N95
999 _c1457995
_d1457995